000 02426nam a2200577 c 4500
001 1947602055
003 DE-627
005 20260324162518.0
007 cr uuu---uuuuu
008 251226s2021 gw |||||o 00| ||ger c
020 _a9783646722215
_cEPUB
024 7 _aurn:nbn:de:gbv:18-epflicht-290462
_2urn
035 _a(DE-627)1947602055
035 _a(DE-599)KEP122301749
035 _a(EPFHH-CARLSEN)9783646722215_9783646722215
035 _a(EPFHH)0ea17cd9-33b4-4172-88c9-5aa5e40f0b56
035 _a(DE-627-1)122301749
040 _aDE-627
_bger
_cDE-627
_erda
041 _ager
_hjpn
044 _cXA-DE-HH
072 7 _a9182
_2wsb
082 0 4 _a741.5
_qDE-576
245 0 0 _aYunas Reise zum Ich
_bMy Sex Change Experience | Autobiografischer Manga mit Transgender-Thematik
_cYuna Hirasawa, Martin Bachernegg
250 _a1. Auflage
264 1 _aHamburg
_bCarlsen Manga
_c2021
300 _a1 Online-Ressource (160 S.)
336 _aText
_btxt
_2rdacontent
337 _aComputermedien
_bc
_2rdamedia
338 _aOnline-Ressource
_bcr
_2rdacarrier
520 _a»Werde ich es schaffen, mich selbst lieben zu lernen?« Autorin Yuna Hirasawa unternimmt eine Reise nach Thailand, um sich dort ihren Wunsch zu erfüllen! Denn in Thailand lässt sie ihren Körper dem einer Frau anpassen, damit ihr äußeres Ich endlich ihrem inneren entspricht. Mit dem Einzelband »Yunas Reise zum Ich« will sie ihren Trans-Lesern Ängste nehmen und bei ihren Cis-Lesern Verständnis wecken. Begleite Yuna auf ihrer Reise zu ihrem wahren Ich!
583 1 _aArchivierung/Langzeitarchivierung gewährleistet
_fPEHH
_kDE-576
_2pdager
_5DE-18
650 4 _aGender
650 4 _aGendersensibilität
650 4 _ageschlechtsdysphorie
650 4 _aGeschlechtsumwandlung
650 4 _aGeschlechtsanpassung
650 4 _aSelbstfindung Buch
650 4 _aIm falschen Körper geboren
650 4 _aLGBTQ+
650 4 _aLGBT
650 4 _aAutobiografie
650 4 _aBoku ga Watashi ni Naru Tame ni
650 4 _ajapanische Leserichtung
700 1 _aHirasawa, Yuna
_eVerfasserIn
_4aut
700 1 _aBachernegg, Martin
_eÜbersetzerIn
_4trl
776 1 _z9783551746566
776 0 8 _iErscheint auch als
_nDruck-Ausgabe
_z9783551746566
856 4 0 _uhttps://nbn-resolving.org/urn:nbn:de:gbv:18-epflicht-290462
_mX:EPF
_zlizenzpflichtig
_71
942 _2ddc
_cMGA
_n0
951 _aBO
999 _c1536
_d1536